MESTSKÁ KNIŽNICA GIRALTOVCE  - online katalóg 

Perfektná kniha o matke a dieťati (Record no. 22902)

000 -NÁVESTIE
fixed length control field 01370nam a2200421 a 4500
001 - EVIDENČNÉ ČÍSLO ZÁZNAMU - Kontrolné číslo
control field vtls009093034
005 - DÁTUM A ČAS POSLEDNEJ TRANSAKCIE
control field 20201015073702.0
008 - ÚDAJE S PEVNOU DĹŽKOU – VŠEOBECNÉ INFORMÁCIE
fixed length control field 151112s2007 xo o f 001 0 slo
020 ## - MEDZINÁRODNÉ ŠTANDARDNÉ ČÍSLO KNIHY (ISBN)
Medzinárodné štandardné číslo knihy (ISBN) 9788080463625 (viaz.)
035 ## - Iný štandardný identifikátor
Iný štandardný identifikátor 406831C0-10F9-4DE8-96A7-81AA1488862B
035 ## - Iný štandardný identifikátor
Iný štandardný identifikátor urn:nbn:sk:snk-amjv99
035 ## - Iný štandardný identifikátor
Iný štandardný identifikátor urn:nbn:sk:snk-am005dw0
040 ## - ZDROJ KATALOGIZÁCIE
Pôvodná katalogizujúca agentúra SNK
Jazyk katalogizácie slo
Prepisujúca agentúra SNK
Konvencie popisu AACR2
041 1# - KÓD JAZYKA
Kód jazyka textu/zvukovej stopy alebo samostatných nápisov slo
Kód jazyka originálu a/alebo sprostredkujúcich prekladov textu eng
044 ## - KÓD KRAJINY VYDAVATEĽA/PRODUCENTA
Kód krajiny MARC xo
Kód krajiny ISO SK
072 #7 - KÓD PREDMETOVEJ KATEGÓRIE
Kód predmetovej kategórie 613
Pododdiel kódu predmetovej kategórie Hygiena. Ľudské zdravie
Zdroj konspekt
080 ## - ČÍSLO MEDZINÁRODNÉHO DESATINNÉHO TRIEDENIA (MDT)
Číslo Medzinárodného desatinného triedenia (MDT) 613.952/954
Identifikátor vydania 2001
080 ## - ČÍSLO MEDZINÁRODNÉHO DESATINNÉHO TRIEDENIA (MDT)
Číslo Medzinárodného desatinného triedenia (MDT) 612.65
Identifikátor vydania 2001
080 ## - ČÍSLO MEDZINÁRODNÉHO DESATINNÉHO TRIEDENIA (MDT)
Číslo Medzinárodného desatinného triedenia (MDT) 159.922.72
Identifikátor vydania 2001
080 ## - ČÍSLO MEDZINÁRODNÉHO DESATINNÉHO TRIEDENIA (MDT)
Číslo Medzinárodného desatinného triedenia (MDT) 37.03-053.2
Identifikátor vydania 2001
080 ## - ČÍSLO MEDZINÁRODNÉHO DESATINNÉHO TRIEDENIA (MDT)
Číslo Medzinárodného desatinného triedenia (MDT) (035)
Identifikátor vydania 2001
100 1# - OSOBNÉ MENÁ – VŠEOBECNÉ INFORMÁCIE
Osobné meno Cooper, Carol
Dátumy súvisiace s menom 1951-
-- 1840
240 10 - UNIFIKOVANÝ NÁZOV
Unifikovaný názov Johnson's, mother & baby
Jazyk diela Slovensky
245 10 - NÁZOV
Názov Perfektná kniha o matke a dieťati
Údaj o zodpovednosti atď. Carol Cooperová ; [z anglického originálu preložili Adela Böhmerová a Beata Baranová]
250 ## - ÚDAJ O PORADÍ VYDANIA
Údaj o poradí vydania 2. vyd.
260 ## - VYDAVATEĽSKÉ ÚDAJE, DISTRIBÚCIA ATĎ.
Miesto publikovania, distribúcie atď. Bratislava
Názov vydavateľa, distibútora atď. Perfekt
Dátum publikovania, distribúcie atď. 2007
300 ## - FYZICKÝ POPIS
Rozsah 284 s.
Ďalšie fyzické detaily fareb. fotogr.
Rozmery 29 cm
500 ## - VŠEOBECNÁ POZNÁMKA
Formátovaná poznámka o obsahu A doorling kindersley book
500 ## - VŠEOBECNÁ POZNÁMKA
Formátovaná poznámka o obsahu Reg.
650 07 - PRIDANÝ VSTUP – PREDMET – TEMATICKÉ HESLO
Tematické heslo alebo geografický názov ako vstupný prvok starostlivosť o dieťa
Zdroj hesla alebo termínu SNKPH
-- 1841
650 07 - PRIDANÝ VSTUP – PREDMET – TEMATICKÉ HESLO
Tematické heslo alebo geografický názov ako vstupný prvok vývoj dieťaťa
Zdroj hesla alebo termínu SNKPH
-- 1842
650 07 - PRIDANÝ VSTUP – PREDMET – TEMATICKÉ HESLO
Tematické heslo alebo geografický názov ako vstupný prvok výchova dieťaťa
Zdroj hesla alebo termínu SNKPH
-- 1598
655 #7 - INDEXAČNÝ TERMÍN – ŽÁNER/FORMA
Údaje o žánri/forme alebo termín, ktorý je prvok fazety príručky
Zdroj termínu SNKPH
-- 1541
700 1# - PRIDANÝ VSTUP – OSOBNÉ MENO
Osobné meno Böhmerová, Ada,
Dátumy súvisiace s menom 1947-
Kód roly trl
-- 1843
700 1# - PRIDANÝ VSTUP – OSOBNÉ MENO
Osobné meno Baranová, Beata
Kód roly trl
-- 1844
958 ## - Formálny deskriptor
Formálny deskriptor OP
958 ## - Formálny deskriptor
Formálny deskriptor MI
Holdings
Stav stiahnutia (Blokovanie) (Withrawn status) Stav straty Zdroj klasifikácie pre skladovanie Stav poškodenia (Damaged status) Nie pre výpožičky (Not for loan) Spôsob nadobudnutia (Collection code) Trvalé umiestnenie Aktuálne umiestnenie Dátum nadobudnutia Inventárne číslo (prírastkové číslo) Celkom výpožičky Full call number Čiarový kód Dátum posledného výskytu Dátum poslednej výpôžičky Cena s účinnosťou od Typ jednotky Koha
          Dar Mestská knižnica Giraltovce Mestská knižnica Giraltovce 2020-10-15 21253 1 S1493 S1493 2021-08-17 2021-06-29 2020-10-15 Odborná literatúra pre dospelých

Powered by Koha